Sciences par lettre - H - Statistiques

Statistiques générales
  • Ce quiz a été pris 169 fois
  • Le résultat moyen est 15 sur 20
Statistiques - réponses
Indices Réponses % Correct
Espèce de mammifère de l'ordre des Primates à laquelle appartient l'espèce humaine {Homo} sapiens
98%
Élément chimique (de symbole "H") le plus abondant dans l'Univers Hydrogène
97%
Unité (de symbole "Hz") de fréquence du Système international Hertz
95%
Polygone à six côtés Hexagone
94%
Dans un triangle rectangle, il désigne le côté opposé à l'angle droit Hypoténuse
91%
Transmission des caractères génétiques d'une génération à la suivante Hérédité
88%
Théorie, développée et défendue par Copernic, selon laquelle le Soleil serait au centre de l'Univers Héliocentrisme
83%
Température corporelle anormalement basse, inférieure à 35 °C Hypothermie
83%
Proposition servant soit comme point de départ de la démonstration d'un théorème, soit comme donnée d'un problème Hypothèse
82%
Préfixe du Système international (de symbole "h") qui, placé devant le nom d'une unité, la multiplie par 100 Hecto
81%
Situé dans le bras (entre l'épaule et le coude), il est l'os le plus long et le plus large du membre supérieur Humérus
80%
Se dit d'un mélange dont on peut distinguer au moins deux de ses constituants à l'œil nu Hétérogène
76%
Scientifique britannique, prénommé Stephen, connu pour ses recherches sur les trous noirs et la cosmologie Hawking
73%
Protéine, contenue dans les globules rouges, qui transporte l'oxygène vers l'ensemble des tissus de notre organisme Hémoglobine
71%
Spécialité médicale notamment consacrée aux maladies du sang Hématologie
66%
Comète visible à l'œil nu depuis la Terre, s'approchant de celle-ci environ tous les 76 ans Comète de {Halley}
62%
Type de produit phytosanitaire conçu pour lutter contre la végétation indésirable Herbicide
44%
Instrument permettant de mesurer le taux d'humidité de l'air Hygromètre
43%
Composé organique constitué exclusivement d'atomes de carbone et d'hydrogène Hydrocarbure
41%
Famille d'éléments chimiques regroupant notamment le fluor, le chlore, le brome et l'iode Halogène
40%
Aucun quiz correspondant
Distribution des résultats
% des personnes avec chaque résultat
Percentile par nombre de réponses
Votre historique - résultats
Vous n’avez pas pris ce quiz